Research Methodology for Management (Record no. 10)

MARC details
000 -LEADER
fixed length control field 00412nam a22001697a 4500
005 - DATE AND TIME OF LATEST TRANSACTION
control field 20180220145842.0
008 - FIXED-LENGTH DATA ELEMENTS--GENERAL INFORMATION
fixed length control field 160426b xxu||||| |||| 00| 0 eng d
020 ## - INTERNATIONAL STANDARD BOOK NUMBER
ISBN 81-7224-491-6
041 ## - LANGUAGE CODE
Language code of text/sound track or separate title eng
082 ## - DEWEY DECIMAL CLASSIFICATION NUMBER
Item number 00065
Classification number 001.42
100 ## - MAIN ENTRY--AUTHOR NAME
Personal name Shajahan, S.
245 ## - TITLE STATEMENT
Title Research Methodology for Management
250 ## - EDITION STATEMENT
Edition statement 3rd ed
260 ## - PUBLICATION, DISTRIBUTION, ETC. (IMPRINT)
Place of publication Delhi
Name of publisher Jai Co. Publishing House
Year of publication 2009
300 ## - PHYSICAL DESCRIPTION
Number of Pages 450
942 ## - ADDED ENTRY ELEMENTS (KOHA)
Koha item type Books
Holdings
Lost status Damaged status Collection code Home library Current library Shelving location Date acquired Cost, normal purchase price Full call number Accession Number Koha item type
    MANAGEMENT JRU Library JRU Library   26/04/2016 395.00 001.42 00065 Books
    MANAGEMENT JRU Library JRU Library   26/04/2016 395.00 001.42 00066 Books
    Reference JRU Library   SHELF -72- H 26/04/2016 395.00 001.42 00067 Books
    MANAGEMENT JRU Library JRU Library   26/04/2016 395.00 001.42 00068 Books
    MANAGEMENT JRU Library JRU Library   26/04/2016 395.00 001.42 00069 Books
    MANAGEMENT JRU Library JRU Library   26/04/2016 395.00 001.42 00070 Books